000 nam a22 a 4500
999 _c428189
_d428189
003 BLK
005 20210812140346.0
008 210812b bu |||||||||| 00| | bu d
040 _aBLK
041 _aRUS
_cRUS
080 _aАмериканска литература (на САЩ)
_b821.111(73)
_x-311.6
_z821.111(73)-311.6
100 _91299
_aМитчел, Сайлес Вейр
_eпърви автор
139 _aМитчел, Сайлес Вейр
245 _aЗа родину
_bИз мемуаров квакера-офицера : Ист. роман
_cС. В. Митчел
246 _aHugh Wynne, free guaker
257 _aRUS
260 _9435488
_aСанкт-Петербург
_bтип. В. В. Комарова
_c1898
300 _a214 с.
_c22 см
380 _aX
490 _9435080
_aКолекция Редки и ценни издания
700 _9759
_aАнгарова, В.
_eпер.
852 _aРр 898
_bРц
942 _cKNG
_n0
_s1
944 _aCR
_c2021-08-12
_kВП